000 00812nam a22002177a 4500
003 OSt
005 20260313011204.0
008 260313b |||||||| |||| 00| 0 eng d
020 _a0-440-22949-9
040 _aDWCL GS lib
_cOC
082 _aL934 2000
100 _aLOWRY, LOIS
245 _aGathering blue
_bA Companion To The Newberry Award Winner The Giver
_cLOIS LOWRY
260 _aNew York
_bdell Laurel-Leaf
_c2000
300 _a215 p
_c18 cm
520 _aa dystopian novel about Kira, a disabled, orphaned girl in a harsh society that abandons the weak.
650 _apost-apocalyptic society that abandons the weak and disabled.
650 _aresilience, the power of art, and the importance of compassion in a society that often favors selfishness.
700 _aLOIS LOWRY
942 _2ddc
_cFIC.
_n0
999 _c9080
_d9080